| 000 | 00625nam a22001937a 4500 | ||
|---|---|---|---|
| 999 |
_c171924 _d171924 |
||
| 005 | 20200123124536.0 | ||
| 010 | _aA-442602 | ||
| 020 |
_c60.00 _a- |
||
| 035 | _aA-442602 | ||
| 037 |
_bBPPD/Pub. _a- |
||
| 082 | _a920 | ||
| 100 | _aخو ا جہ ا حمد فا ر و قی | ||
| 245 |
_aيا د نا مہ _cخو ا جہ ا حمد فا ر و قی |
||
| 246 |
_bYaad Nama (Urdu) _aby Khawaja Ahmed Farooqui |
||
| 260 |
_aDelhi _bGulistan Publishing House _c1986 ء |
||
| 270 |
_aDeptt. Of Urdu,Delhi University , _bDelhi _e- _k- _l- |
||
| 300 |
_a112ص _c22 Cm(Hb) |
||
| 942 |
_2ddc _cUR _h920 _mف ا ر |
||